000 00278nam a2200109Ia 4500
008 220204s9999 xx 000 0 und d
082 _a741.5
_bTRU
100 _aTrudeau, G B
245 0 _aDo all birders have bed room eyes dear
260 _aNew York
_bFawcett
_c1981
942 _cBK
999 _c37455
_d37455